[Event "GER-chT U14 Girls"]
[Site "Magdeburg"]
[Date "2015.12.29"]
[Round "5.2"]
[White "Ruf, Judith"]
[Black "Paulweber, Lara Maria"]
[Result "0-1"]
[WhiteElo "902"]
[BlackElo "1410"]
[PlyCount "176"]
[EventDate "2015.12.27"]
[EventType "team-swiss"]
[EventRounds "7"]
[EventCountry "GER"]
[SourceTitle "EXT 2017"]
[Source "ChessBase"]
[SourceDate "2016.10.25"]
[SourceVersion "1"]
[SourceVersionDate "2016.10.25"]
[SourceQuality "1"]
[WhiteTeam "Ersingen"]
[BlackTeam "Duesseldorf"]
[WhiteTeamCountry "GER"]
[BlackTeamCountry "GER"]

1. e4 e6 2. Nc3 d5 3. d4 Nf6 4. e5 Nfd7 5. Nf3 c5 6. Bb5 a6 7. Bxd7+ Bxd7 8. Bf4 Nc6 9. 0-0 Qb6 10. Na4 Qb5 11. b3 Qa5 12. c3 Nb8 13. Bd2 Bxa4 14. bxa4 cxd4 15. cxd4 Bb4 16. Rb1 Bxd2 17. Nxd2 Ra7 18. a3 Nc6 19. Nf3 0-0 20. Qc2 h6 21. Rb3 Rb8 22. Re3 Qc7 23. Nh4 Qb6 24. Rd1 Nxd4 25. Qd3 Nc6 26. Rg3 Qb2 27. f4 b5 28. Re1 Qd4+ 29. Qe3 Qxe3+ 30. Rexe3 bxa4 31. f5 Re8 32. f6 g6 33. Nf3 Rb7 34. Nd2 h5 35. h4 Nd4 36. Rg5 Rf8 37. g4 hxg4 38. Rxg4 Kh7 39. Rxd4 Rg8 40. Rxa4 Rb6 41. Rh3 Kh6 42. Rg4 Rbb8 43. Rg5 Rbc8 44. Kf1 Rc1+ 45. Ke2 Rc2 46. Kd3 Rgc8 47. Nb1 Rc1 48. Rhg3 Rxb1 49. Kd2 Rb2+ 50. Ke3 Rb3+ 51. Kd2 Rxg3 52. Rxg3 Kh5 53. Rh3 Rc4 54. Rb3 Rc7 55. a4 Kxh4 56. Rb6 Ra7 57. Ke3 Kg3 58. a5 g5 59. Rb4 g4 60. Ke2 Rc7 61. Rb6 Kh2 62. Rxa6 g3 63. Ra8 g2 64. Rh8+ Kg3 65. Rg8+ Kf4 66. Rxg2 Kxe5 67. Kd3 Kxf6 68. a6 Ra7 69. Ra2 Ke5 70. Re2+ Kd6 71. Ra2 Kc6 72. Kd4 Kb6 73. Ke5 Rxa6 74. Rb2+ Kc6 75. Rc2+ Kd7 76. Kf6 Kd6 77. Kxf7 e5 78. Kf6 d4 79. Kf5 Kd5 80. Rc1 d3 81. Rd1 e4 82. Kf4 Kd4 83. Kg3 Rf6 84. Kh2 Rf2+ 85. Kg1 e3 86. Rxd3+ Kxd3 87. Kh1 e2 88. Kg1 e1Q# 0-1

[Event "GER-chT U14 Girls"]
[Site "Magdeburg"]
[Date "2015.12.29"]
[Round "6.2"]
[White "Schilay, Maria"]
[Black "Ruf, Judith"]
[Result "1-0"]
[WhiteElo "1190"]
[BlackElo "902"]
[PlyCount "97"]
[EventDate "2015.12.27"]
[EventType "team-swiss"]
[EventRounds "7"]
[EventCountry "GER"]
[SourceTitle "EXT 2017"]
[Source "ChessBase"]
[SourceDate "2016.10.25"]
[SourceVersion "1"]
[SourceVersionDate "2016.10.25"]
[SourceQuality "1"]
[WhiteTeam "Neumarkt"]
[BlackTeam "Ersingen"]
[WhiteTeamCountry "GER"]
[BlackTeamCountry "GER"]

1. e4 e5 2. Nf3 Nc6 3. Nc3 Bc5 4. Nxe5 Nxe5 5. d4 Nc6 6. dxc5 Nf6 7. Bg5 d6 8. Nd5 Be6 9. cxd6 cxd6 10. Nxf6+ gxf6 11. Bf4 d5 12. exd5 Bxd5 13. Qd3 Ne5 14. Qe3 Qe7 15. 0-0-0 0-0-0 16. Bg3 Rhe8 17. Qxa7 Nc6 18. Qa8+ Kd7 19. Qxb7+ Ke6 20. Re1+ Ne5 21. Qxe7+ Rxe7 22. f4 Kd7 23. fxe5 Rde8 24. Bb5+ Bc6 25. Bxc6+ Kxc6 26. exf6 Re6 27. Rhf1 h5 28. Rxe6+ Rxe6 29. a4 Kb6 30. b4 Re4 31. c3 Rc4 32. a5+ Kb5 33. Be5 h4 34. Bd4 Ka4 35. Kb2 Rc6 36. Ra1+ Kb5 37. Kb3 Rd6 38. c4+ Kc6 39. b5+ Kc7 40. Be5 Kd7 41. Bxd6 Kxd6 42. Rd1+ Ke6 43. a6 Kxf6 44. a7 Kg5 45. a8Q f6 46. Qd5+ f5 47. Qg8+ Kh5 48. Rd6 f4 49. Qg6# 1-0